000 00369nam a2200145Ia 4500
008 240624s9999 xx 000 0 und d
041 _aeng
082 _a519.2 RAH
100 _aROHATGI VIJAY K
245 _aINTRODUCTION TO PROBABILITY AND STATISTI
250 _a(2nd ed.)
260 _c2003
_aNew York
_bJohn Wiley
300 _axv, : 716 : p. : cm. ; 26
365 _c
999 _c3495
_d3495